Catalogo collettivo della libreria italiana (Record no. 173650)

MARC details
000 -LEADER
campo de control de longitud fija 00680nam a2200205 i 4500
001 - NÚMERO DE CONTROL
campo de control 173650
003 - IDENTIFICADOR DE NÚMERO DE CONTROL
campo de control ES-MaACL
005 - FECHA Y HORA DE LA ÚLTIMA TRANSACCIÓN
campo de control 20250903084239.0
008 - DATOS DE LONGITUD FIJA--INFORMACIÓN GENERAL
campo de control de longitud fija 091222s1878 it |||| | ita d
080 ## - NÚMERO DE LA CLASIFICACIÓN DECIMAL UNIVERSAL
Número de la Clasificación Decimal Universal 655.4(450)
245 00 - MENCIÓN DEL TÍTULO
Título Catalogo collettivo della libreria italiana
Resto del título : 1878.
260 ## - PUBLICACIÓN, DISTRIBUCIÓN, ETC.
Lugar de publicación, distribución, etc. Milano :
Nombre del editor, distribuidor, etc. [s.n.,
Fecha de publicación, distribución, etc. 1878?]
300 ## - DESCRIPCIÓN FÍSICA
Extensión 1 v. (pag. variada) ;
Dimensiones 26 cm.
594 ## - Nota al título y mención de responsabilidad
Nota al título y mención de responsabilidad Precede al tít.: Associazione Tipografico-Libraria Italiana.
650 #7 - PUNTO DE ACCESO ADICIONAL DE MATERIA--TÉRMINO DE MATERIA
Término de materia o nombre geográfico como elemento de entrada Catálogos de editores-
Subdivisión cronológica S.XIX
Fuente del encabezamiento o término
9 (RLIN) 169796
650 #4 - PUNTO DE ACCESO ADICIONAL DE MATERIA--TÉRMINO DE MATERIA
Término de materia o nombre geográfico como elemento de entrada Editoriales-
Subdivisión geográfica Italia.
9 (RLIN) 141856
710 2# - ENTRADA AGREGADA--NOMBRE DE ENTIDAD CORPORATIVA
Nombre de entidad corporativa o nombre de jurisdicción como elemento de entrada Associazione Tipografico-Libraria Italiana.
9 (RLIN) 141855
852 ## - LOCALIZACIÓN
Ubicación ES-MaACL
Número de control de estantería B-5087
Holdings
Estatus retirado Estado de pérdida Estado de daño No para préstamo Colección Biblioteca de origen Biblioteca actual Ubicación en estantería Fecha de adquisición Fuente de adquisición Total de préstamos Signatura topográfica completa Código de barras Visto por última vez Precio de reemplazo Tipo de ítem Koha
        Libros del s. XIX Biblioteca del Ateneo de Madrid Biblioteca del Ateneo de Madrid Sala Pardo Bazán 22/12/2009     B-5087 1182228 23/02/2023 23/02/2023 Libro impreso antiguo